Housing Markets and Vacant Land

Salvato in:
Dettagli Bibliografici
Autore principale: Keuschnigg, Christian
Altri autori: Nielsen, Soren Bo
Natura: Libro
Lingua:inglese
Pubblicazione: Wien Institut für Höhere Studien 1994
Edizione:1. ed.
Serie:Economics Series No.1
Soggetti:
Tags: Aggiungi Tag
Nessun Tag, puoi essere il primo ad aggiungerne!!

MARC

LEADER 00000nam a2200000 4500
001 c012639
005 20221205140613.0
041 0 |a eng 
044 |a AT 
245 1 0 |a Housing Markets and Vacant Land  |c Christian Keuschnigg, Soren Bo Nielsen 
250 |a 1. ed. 
264 1 |a Wien  |b Institut für Höhere Studien  |c 1994 
300 |a 23 s. 
490 1 |a Economics Series  |v No.1 
830 0 |a Economics Series  |v No.1 
610 2 0 |a politika bytová 
610 2 0 |a pozemky 
610 2 0 |a bývanie 
610 2 0 |a byty 
610 2 0 |a predaj 
610 2 0 |a kúpa 
610 2 0 |a ceny 
610 2 0 |a vlastníctvo pozemkové 
610 2 0 |a vlastníctvo súkromné 
610 2 0 |a trh bytový 
100 1 |a Keuschnigg, Christian 
700 1 |a Nielsen, Soren Bo